O pequeno restaurante da felicidade (Registo nº 199473)
[ vista simples ]
| 000 -Etiqueta do registo | |
|---|---|
| Valores | 00609nam 22002053 4500 |
| 010 ## - Número ISBN | |
| ISBN | 978-972-23-7152-0 |
| 021 ## - Número do Depósito Legal | |
| Número | 515891/23 |
| 100 ## - Dados gerais de processamento | |
| Dados gerais | 20251210d u||y0pory50 ba |
| 200 ## - Titulo e menção de responsabilidade | |
| Título próprio | O pequeno restaurante da felicidade |
| Primeira menção de responsabilidade | Ito Ogawa |
| Outras menções de responsabilidade | tradução do japonês de Maria Edite Ferreira |
| 205 ## - Menção da edição | |
| Edição | 1ª |
| 210 ## - Publicação | |
| Local de publicação | Barcarena |
| Nome do editor | Editorial Presença |
| Data de publicação | 2023 |
| 215 ## - Descrição física | |
| Paginação / Volumes | 206 p. |
| Outras indicações físicas | brochado |
| Dimensões | 23 cm |
| 606 ## - Nome comum usado como assunto | |
| ID Autoridade | 1701 |
| Palavra de ordem | Literatura Japonesa |
| 675 ## - CDU | |
| Notação | 821.521 |
| Edição | PT |
| Língua | por |
| 700 ## - Autor principal (pessoa individual) | |
| ID Autoridade | 15309 |
| Apelido | Ogawa |
| Nome | Ito |
| Datas | 1973- |
| 801 ## - Fonte de origem | |
| País | PT |
| Agência | BMMN |
| Regras de catalogação | RPC |
| 830 ## - Notas gerais do catalogador | |
| Criado por | Fernando |
| Indexado por | Fernando |
| 990 ## - Elementos KOHA | |
| Tipo de documento | Livro |
| Situação do levantamento | Biblioteca de origem | Código de barras | Cota | Permissão de empréstimo | Tipo de documento | Forma de aquisição |
|---|---|---|---|---|---|---|
| Biblioteca Municipal de Montemor-o-Novo | 28323 | 821.521-3 OGA|LG | Livro | Compra |